000 00750cam a22002533a 4500
001 30762
003 PGUSA
005 20140828083650.0
008 091226s2009||||xxu|||||s|||||000 | eng d
040 _aPGUSA
_beng
042 _adc
050 4 _aNB
100 1 _aFreud, Sigmund,
_d1856-1939
245 1 0 _aDer Moses des Michelangelo
_h[electronic resource] /
_cSigmund Freud
260 _bProject Gutenberg,
_c2009
506 _aPublic domain in the USA.
516 _aElectronic text
653 _aPsychoanalysis and art
653 _aMichelangelo Buonarroti, 1475-1564. Moses
653 _aFreud, Sigmund, 1856-1939 -- Views on art
830 0 _aProject Gutenberg
_v30762
856 4 0 _uhttp://www.gutenberg.org/ebooks/30762
942 _cEB
999 _c260017
_d260017